Social work education in the United States ; the report of a study made for the National Council on Social Work Education /

Bibliographic Details
Main Author: Hollis, Ernest V. (Ernest Victor), 1895-1965
Corporate Author: National Council on Social Work Education
Other Authors: Davis, Alice Taylor, 1903-
Format: Book
Language:English
Published: New York : Columbia University Press, 1951.
Subjects:

MARC

Tag First Indicator Second Indicator Subfields
LEADER 00000cam a2200000 4500
001 in00000056145
005 20151008052403.0
008 740708s1951 nyu b 00000 eng u
010 |a  52000120  
035 |a (OCoLC)00938460 
035 |9 AAH3098AM 
040 |c CWR  |d TXA  |d UtOrBLW 
049 |a TXAM  |c [204280] 
050 0 0 |a HV11  |b .H6 
082 0 |a 360.71173 
092 |a 360.7  |b H742s 
100 1 |a Hollis, Ernest V.  |q (Ernest Victor),  |d 1895-1965. 
245 1 0 |a Social work education in the United States ;  |b the report of a study made for the National Council on Social Work Education /  |c [by] Ernest V. Hollis and Alice L. Taylor. 
264 1 |a New York :  |b Columbia University Press,  |c 1951. 
300 |a xviii, 422 pages :  |b diagrams ;  |c 24 cm. 
336 |a text  |b txt  |2 rdacontent 
337 |a unmediated  |b n  |2 rdamedia 
338 |a volume  |b nc  |2 rdacarrier 
504 |a Bibliographical footnotes. 
650 0 |a Social work education. 
700 1 |a Davis, Alice Taylor,  |d 1903- 
710 2 |a National Council on Social Work Education. 
999 |a MARS 
999 f f |s 431857b6-9038-32ae-ba09-65e192d44536  |i ce7d31f0-1778-37ea-a306-2ffa28168710  |t 0 
952 f f |p ric  |a Texas A&M University  |b Rellis Campus  |c Joint Library Facility  |d Remote Storage  |t 0  |e HV11 .H6  |h Library of Congress classification  |i unmediated -- volume  |m A14800808243 
998 f f |a HV11 .H6  |t 0  |l Remote Storage